000
00289nam a2200109Ia 4500
008
201231s9999 xx 000 0 und d
100
_a
Dupuy, Rene - Jean
245
4
_a
The University teaching of social sciences International Law
260
_a
Paris
_b
UNESCO
300
_a
154
942
_c
BK
999
_c
10100
_d
10100